000 00565nam a22002057a 4500
008 131008b xxu||||| |||| 00| 0 ger d
020 _a3826629361
041 0 _ager
080 _a004.42
100 1 _aLeete, Gurdy
245 1 0 _aFlash 5 für Dummies /
_cGurdy Leete
250 _a1. Auflage
260 _aGermany :
_bmitp ;
_c2001
300 _a380 f. :
_bme il.
_c24 cm.
_eCD
490 _aFür Dummies
650 _aPrograme kompjuterike
650 _aProgramim
700 1 _aFinkelstein, Ellen
942 _2udc
_cBK
999 _c52
_d52